[Event "Bayernliga U20 1112"]
[Site "Bayern"]
[Date "2011.12.03"]
[Round "2.4"]
[White "Laimer, Tobias"]
[Black "Franz, Sebastian"]
[Result "0-1"]
[WhiteElo "1757"]
[BlackElo "1727"]
[PlyCount "82"]
[EventDate "2011.11.12"]
[EventType "team-swiss"]
[EventRounds "7"]
[EventCountry "GER"]
[SourceTitle "EXT 2022"]
[Source "ChessBase"]
[SourceDate "2021.10.06"]
[SourceVersion "1"]
[SourceVersionDate "2021.10.06"]
[SourceQuality "1"]
[WhiteTeam "Ergolding FC U20"]
[BlackTeam "Muenchen Suedost SK U20"]
[WhiteTeamCountry "GER"]
[BlackTeamCountry "GER"]

1. e4 c6 2. d4 d5 3. Nc3 dxe4 4. Nxe4 Bf5 5. Ng3 Bg6 6. h4 h6 7. Nf3 Nd7 8. Bd3 Bxd3 9. Qxd3 e6 10. Bf4 Qa5+ 11. Nd2 Ngf6 12. c4 Be7 13. Qf3 Qb4 14. b3 0-0 15. a3 Qb6 16. Qc3 c5 17. Be3 Ng4 18. Nf3 Nxe3 19. fxe3 Nf6 20. 0-0 Rfd8 21. Kh1 Qc7 22. Qe1 Ng4 23. Ne4 cxd4 24. exd4 Rxd4 25. g3 Rd3 26. Nf2 Re3 27. Nxg4 Rxe1 28. Rfxe1 Qxg3 29. Ngh2 Bxh4 30. Rg1 Qh3 31. Rad1 Rd8 32. Rxd8+ Bxd8 33. Rd1 Bc7 34. b4 Bxh2 35. Nxh2 Qxa3 36. Rd8+ Kh7 37. Ra8 Qxb4 38. Rxa7 Qxc4 39. Ra8 b5 40. Kg1 b4 41. Nf1 Qd4+ 0-1

[Event "GER-ch U10"]
[Site "Willingen"]
[Date "2007.06.01"]
[Round "9"]
[White "Laimer, Tobias"]
[Black "Toews, Manuel"]
[Result "1/2-1/2"]
[WhiteElo "1308"]
[BlackElo "1347"]
[PlyCount "123"]
[EventDate "2007.05.26"]
[EventType "swiss"]
[EventRounds "11"]
[EventCountry "GER"]
[SourceTitle "CBM 118 Extra"]
[Source "ChessBase"]
[SourceDate "2007.07.04"]
[SourceVersion "1"]
[SourceVersionDate "2007.07.04"]
[SourceQuality "1"]

1. e4 e5 2. Nf3 Nf6 3. Nxe5 d6 4. Nf3 Nxe4 5. Nc3 Nxc3 6. dxc3 Be7 7. Bf4 Nd7 8. Qd2 0-0 9. 0-0-0 Nc5 10. Nd4 Ne6 11. Be3 Nxd4 12. Bxd4 Re8 13. Be3 Be6 14. a3 Qd7 15. Bd3 Bf5 16. h4 Bxd3 17. Qxd3 Qg4 18. g3 Bf8 19. Qd5 Qe4 20. Qxe4 Rxe4 21. Rd4 Rae8 22. Rhd1 g6 23. Rxe4 Rxe4 24. Rd4 Re5 25. Kd2 Bg7 26. Rb4 b6 27. Bd4 Rd5 28. Ke3 c5 29. Rc4 cxd4+ 30. cxd4 Rf5 31. Rc7 Rf6 32. Rxa7 Re6+ 33. Kd3 Re1 34. Ra8+ Bf8 35. Rb8 Rf1 36. Ke3 h5 37. Rxb6 Bh6+ 38. Ke2 Rc1 39. c3 d5 40. Kd3 Rd1+ 41. Ke2 Rd2+ 42. Kf1 Rc2 43. f4 Kf8 44. a4 Rc1+ 45. Ke2 Ra1 46. Rb5 Rxa4 47. Rxd5 Ra2 48. Rb5 Ke7 49. Kf3 Ke6 50. b3 Rc2 51. Rc5 Bf8 52. Rc8 Bg7 53. Ke3 Rg2 54. Kf3 Rb2 55. Rb8 Rc2 56. Rb6+ Ke7 57. Rb7+ Ke6 58. Rb6+ Ke7 59. Rb7+ Kf8 60. Rb8+ Ke7 61. Rb7+ Ke6 62. Rb6+ 1/2-1/2

[Event "GER-ch U10"]
[Site "Willingen"]
[Date "2007.06.01"]
[Round "10"]
[White "Wolff, Christopher"]
[Black "Laimer, Tobias"]
[Result "0-1"]
[WhiteElo "1238"]
[BlackElo "1308"]
[PlyCount "74"]
[EventDate "2007.05.26"]
[EventType "swiss"]
[EventRounds "11"]
[EventCountry "GER"]
[SourceTitle "CBM 118 Extra"]
[Source "ChessBase"]
[SourceDate "2007.07.04"]
[SourceVersion "1"]
[SourceVersionDate "2007.07.04"]
[SourceQuality "1"]

1. e4 c5 2. Nc3 e6 3. g3 Nc6 4. Bg2 g6 5. d3 Bg7 6. f4 Nge7 7. Nf3 0-0 8. 0-0 d6 9. Be3 a6 10. Rb1 Bd7 11. Ne2 Rc8 12. h3 Qc7 13. g4 f5 14. g5 b5 15. c3 Kh8 16. Ng3 e5 17. Nd2 Rb8 18. h4 fxe4 19. Ndxe4 Nf5 20. Nxf5 Bxf5 21. Ng3 Bd7 22. Qd2 Ne7 23. h5 Kg8 24. hxg6 Nxg6 25. Bd5+ Kh8 26. f5 Ne7 27. Be4 d5 28. f6 dxe4 29. fxg7+ Kxg7 30. Nxe4 c4 31. Nf6 Bf5 32. Qh2 Rh8 33. Qh5 Qd6 34. dxc4 Qd3 35. Kh2 Qxe3 36. Qh3 Kf7 37. g6+ hxg6 0-1

[Event "GER-ch U10"]
[Site "Willingen"]
[Date "2007.05.29"]
[Round "6"]
[White "Faden, Maximilian"]
[Black "Laimer, Tobias"]
[Result "1/2-1/2"]
[WhiteElo "1144"]
[BlackElo "1308"]
[PlyCount "102"]
[EventDate "2007.05.26"]
[EventType "swiss"]
[EventRounds "11"]
[EventCountry "GER"]
[SourceTitle "CBM 118 Extra"]
[Source "ChessBase"]
[SourceDate "2007.07.04"]
[SourceVersion "1"]
[SourceVersionDate "2007.07.04"]
[SourceQuality "1"]

1. e4 c5 2. c3 d6 3. d4 cxd4 4. cxd4 Nf6 5. Nc3 g6 6. Bc4 Bg7 7. Nf3 a6 8. Bf4 Qb6 9. Qd2 Bg4 10. Ng5 0-0 11. h3 Bd7 12. e5 Ne8 13. Nd5 Qd8 14. 0-0 e6 15. Nc3 d5 16. Bd3 Nc6 17. Nf3 Rc8 18. Bh6 Qb6 19. Bxg7 Kxg7 20. Na4 Qb4 21. Nc5 Rc7 22. Qxb4 Nxb4 23. Be2 Nc6 24. Rac1 Bc8 25. Kh2 Kg8 26. g4 Ng7 27. Nd2 Nxd4 28. Bd3 f6 29. exf6 Rxf6 30. Nd7 Rxd7 31. Rxc8+ Rf8 32. Rxf8+ Kxf8 33. Kg3 Nc6 34. f4 Nb4 35. Bb1 Rf7 36. a3 Nc6 37. Bd3 Nd4 38. b4 Rc7 39. Nb1 Ke7 40. Kf2 Nc6 41. Ke3 Nd8 42. Kd4 Nc6+ 43. Ke3 Kd6 44. Nd2 Nb8 45. f5 exf5 46. gxf5 gxf5 47. Bxf5 Re7+ 48. Kd4 Nc6+ 49. Kd3 Rf7 50. Bxh7 Rxf1 51. Nxf1 Ne5+ 1/2-1/2

[Event "GER-ch U10"]
[Site "Willingen"]
[Date "2007.05.27"]
[Round "2"]
[White "Laimer, Tobias"]
[Black "Bluebaum, Matthias"]
[Result "0-1"]
[WhiteElo "1308"]
[BlackElo "1761"]
[PlyCount "74"]
[EventDate "2007.05.26"]
[EventType "swiss"]
[EventRounds "11"]
[EventCountry "GER"]
[SourceTitle "CBM 118 Extra"]
[Source "ChessBase"]
[SourceDate "2007.07.04"]
[SourceVersion "1"]
[SourceVersionDate "2007.07.04"]
[SourceQuality "1"]

1. e4 e6 2. d4 d5 3. e5 c5 4. c3 Nc6 5. Nf3 Bd7 6. Bd3 cxd4 7. cxd4 Qb6 8. 0-0 Qc7 9. Nc3 a6 10. Qc2 Nb4 11. Qe2 Nxd3 12. Qxd3 b5 13. a3 Ne7 14. Be3 Nc6 15. Rac1 Be7 16. Nd2 f6 17. f4 0-0 18. b4 Be8 19. Bf2 Bg6 20. Qf3 Qd7 21. Qe3 fxe5 22. fxe5 Rf5 23. Ne2 Bg5 24. Qc3 Rc8 25. Ng3 Rff8 26. Qb2 Bd3 27. Rfe1 Qf7 28. Nf3 Bxc1 29. Rxc1 Ne7 30. Rd1 Rc2 31. Qb3 Bg6 32. Be3 h6 33. Ne1 Rc4 34. Nd3 Nc6 35. Nc5 Bc2 36. Qb2 Bxd1 37. Qd2 Bh5 0-1